| 000 | 00666nam a2200193Ia 4500 | ||
|---|---|---|---|
| 001 | 11838 | ||
| 003 | GE_BSU | ||
| 008 | 181216s||||||||xx |||||||||||||| ||und|| | ||
| 040 | _cGE_BSU | ||
| 080 | _a8(038)+8(031) | ||
| 245 | _aЛитературная энциклопедия. Т.9 | ||
| 245 | _cРед.кол.П.И.Лебедев-Полянский, И.Л.Маца, И.М. Нусинов и др. Гл. ред.А.В.Луначарский | ||
| 260 | _aМосква | ||
| 260 | _bСоветская энциклопедия | ||
| 260 | _c1395 | ||
| 300 | _a832стр.25см.илл. | ||
| 653 | _aЛитературная энциклопедия | ||
| 942 | _cBK | ||
| 999 |
_c45017 _d45017 |
||